Online
Catalog

La gran emboscada / (Record no. 12542)

MARC details
000 -CABECERA
campo de control de longitud fija 00455nam a2200157 a 4500
001 - NÚMERO DE CONTROL
campo de control 000012894
005 - FECHA Y HORA DE LA ÚLTIMA TRANSACCIÓN
campo de control 20200929163108.0
008 - DATOS DE LONGITUD FIJA--INFORMACIÓN GENERAL
campo de control de longitud fija 091118s1948 dr 001 0 spa d
040 ## - FUENTE DE LA CATALOGACIÓN
Centro catalogador/agencia de origen DO-SdBNP
Lengua de catalogación spa
Centro/agencia transcriptor BNPHu
082 ## - NÚMERO DE LA CLASIFICACIÓN DECIMAL DEWEY
Número de clasificación xxxx
Número de documento/Ítem P424g
049 ## - FONDOS LOCALES (OCLC)
Fondos de biblioteca BNPD
100 1# - ENTRADA PRINCIPAL--NOMBRE DE PERSONA
Nombre de persona Pepper, José Vicente
9 (RLIN) 9263
245 13 - MENCIÓN DE TÍTULO
Título La gran emboscada /
Mención de responsabilidad, etc. José Vicente Pepper.
260 ## - PUBLICACIÓN, DISTRIBUCIÓN, ETC.
Lugar de publicación, distribución, etc. Ciudad Trujillo, República Dominicana,
Fecha de publicación, distribución, etc. 1948.
300 ## - DESCRIPCIÓN FÍSICA
Extensión Virgilio Montalvo ;
Dimensiones 24 cm.
Holdings
Estado de retiro Estado de pérdida Restricciones de uso No para préstamo Código de colección Localización permanente Ubicación/localización actual Ubicación en estantería Fecha de adquisición Número de inventario Total de préstamos Signatura topográfica completa Código de barras Fecha visto por última vez Número de copia Precio válido a partir de Tipo de ítem Koha Nota pública
        Raros y valiosos General General En catalogación 13.09.2011 LF1   xxxx P424g 12894-30 25.06.2020 e. 3 25.06.2020 Préstamo en sala  
      Excluido de préstamo Raros y valiosos Patrimonio Dominicano Patrimonio Dominicano Depósito 18.11.2009 LF1   xxxx P424g 12894-10 25.06.2020   25.06.2020 No se presta Perteneció a la biblioteca personal de Germán Emilio Ornes.
      Excluido de préstamo Raros y valiosos Patrimonio Dominicano Patrimonio Dominicano En catalogación 18.11.2009 LF1   xxxx P424g 12894-20 25.06.2020 e. 2 25.06.2020 No se presta  

Powered by Koha